000 00689nam a2200229 a 4500
001 13486
003 BD-JhCC
005 20231017072904.0
008 231016b19952017bg | ||| ||a| 000 0 b d
020 _a9848513035
035 _a(BD-JhCC)13486
040 _aBD-JhCC
_dBD-JhCC
041 _abengali
082 _a781.656
_bRAY 2017
100 _aরায়, শঙ্কর
245 _aশ্রেষ্ঠ আধুনিক গানের স্বরলিপি /
_c শঙ্কর রায় ।
260 _aঢাকা:
_bঅঞ্জলি প্রকাশনী;
_c2017.
300 _a176 p. :
_c22 cm.
650 _aMusic
942 _2ddc
_cBK
999 _c13486
_d13486